| 000 | 00000nam##2200000za#4500 |
| 001 | 9.572034 |
| 003 | CaOODSP |
| 005 | 20220111083043 |
| 007 | cr ||||||||||| |
| 008 | 150406|1989||||xxc|||||o f|0| 0 eng|d |
| 022 | |a1928-6414 |
| 040 | |aCaOODSP|beng |
| 043 | |an-cn--- |
| 086 | 1 |aNE22-1/1989-11E-PDF |
| 110 | 1 |aCanada. |bNational Energy Board. |
| 245 | 10|aReasons for decision in the matter of Esso Resources Canada Limited, Shell Canada Limited, Gulf Canada Resources Limited : |h[electronic resource]|bapplication pursuant to part VI of the National Energy Board Act for licenses to export natural gas |
| 246 | 1 |iVariant title : |aEsso Resources Canada Limited, Shell Canada Limited, Gulf Canada Resources Limited |
| 260 | |aOttawa - Ontario : |bNational Energy Board |cAugust 1989. |
| 300 | |a89p.|bgraph, map, tables |
| 490 | 1 |aReasons for decision|x1928-6414|vGH-10-88 |
| 500 | |aThe catalogue number (NE22-1/1989-11E) and ISBN (0-662-17253-1) for the print edition have been incorrectly copied in this electronic publication. |
| 590 | |a12-09-Supp|b2012-03-21 |
| 775 | 08|tMotifs de décision relativement à Esso Ressources Canada Limitée, Shell Canada Limitée et Ressources Gulf Canada Limitée : |w(CaOODSP)9.602449 |
| 830 | #0|aReasons for decision (Canada. National Energy Board)|x1928-6414|vGH-10-88|w(CaOODSP)9.504480 |
| 856 | 40|ahttp://publications.gc.ca|qPDF|s230 Ko|uhttps://publications.gc.ca/collections/collection_2011/one-neb/NE22-1-1989-11-eng.pdf|yGH-10-88 |